[Event "cearah"]
[Site "http://www.queenalice.com/game.php?id=1520371"]
[Date "2018.3.21"]
[Round "-"]
[White "jw16js"]
[Black "alepersichetti"]
[Result "1-0"]
[WhiteElo "1656"]
[BlackElo "1499"]

1. e4 e6 2. Nf3 d5 3. e5 f6 4. exf6 Nxf6 5. Nc3 Nc6 6. d4 Qd6 7. Bg5 h6 8. Bc1
Bd7 9. Nb5 Qb4+ 10. Nc3 O-O-O 11. a3 Qd6 12. b4 1-0

[Event "Let's Play Chess!"]
[Site "http://www.queenalice.com/game.php?id=1525410"]
[Date "2018.5.3"]
[Round "-"]
[White "alepersichetti"]
[Black "george941"]
[Result "0-1"]
[WhiteElo "1519"]
[BlackElo "1768"]

1. e4 e5 2. c4 Nf6 3. Nc3 Bb4 4. a3 Bc5 5. b4 Be7 6. Nf3 d6 7. Bb2 O-O 8. Be2
Bg4 9. h3 Bh5 10. d4 c6 11. dxe5 dxe5 12. Nxe5 Qxd1+ 13. Bxd1 Rd8 14. O-O Nbd7
15. Bxh5 Nxh5 16. Nxd7 Rxd7 17. Rad1 Rad8 18. e5 Rxd1 19. Nxd1 Nf4 20. Re1 f6
21. g3 Nd3 22. Re3 Nxe5 23. f4 Rxd1+ 24. Kg2 Nxc4 25. Rxe7 Nxb2 26. Re8+ Kf7 27.
Ra8 Rd2+ 28. Kf3 a6 29. g4 Rd3+ 30. Ke4 Rxa3 31. Ra7 Ke6 32. Rxb7 Rxh3 33. Rb6
Kd6 34. Rxa6 Rb3 35. b5 Rxb5 36. Ra7 Nc4 37. Rxg7 c5 38. Rxh7 Nd2+ 39. Kf5 c4+
40. Kxf6 c3 41. g5 c2 42. g6 c1=Q 43. g7 Ne4+ 44. Kf7 Qxf4+ 45. Kg6 Qf6# 0-1

[Event "B-5"]
[Site "http://www.queenalice.com/game.php?id=1526580"]
[Date "2018.5.12"]
[Round "-"]
[White "Rider"]
[Black "alepersichetti"]
[Result "1-0"]
[WhiteElo "1581"]
[BlackElo "1555"]

1. c4 d5 2. cxd5 Qxd5 3. d4 Nf6 4. f3 Bf5 5. e4 Qa5+ 6. Bd2 Qb6 7. Bc3 Bg6 8. d5
c6 9. Bxf6 Nd7 10. Bd4 Qa5+ 11. Bc3 Qc7 12. Bc4 b5 13. Bb3 cxd5 14. Bxd5 Rb8 15.
b4 Nf6 16. Bxf6 gxf6 17. Ne2 e6 18. Bb3 Bxb4+ 19. Nd2 f5 20. O-O h5 21. exf5
exf5 22. f4 Ke7 23. Re1 Rhd8 24. Nd4+ Kf8 25. N4f3 Qd7 26. Re2 Qd6 27. g3 Bc5+
28. Kg2 Bb4 29. Qc2 Rbc8 30. Qb2 Bc3 31. Qb1 Bxa1 32. Qxa1 a5 33. Qb2 Kg8 34.
Nf1 a4 35. Bc2 a3 36. Qxb5 Rb8 37. Qc4 Rb4 38. Qc3 Rb2 39. Rd2 Qb6 40. Rxd8+
Qxd8 41. Kh3 Rxa2 42. Qb3 Ra1 43. N1d2 Rc1 44. Bb1 Qxd2 45. Nxd2 h4 46. Kxh4 Rh1
47. Kh3 Rd1 48. Nc4 Bh5 49. Bc2 Ra1 50. Nxa3 Bg4+ 51. Kh4 Rh1 52. Kg5 Kg7 53.
Qc3+ f6+ 54. Qxf6+ Kg8 55. Bb3+ Kh7 56. Qf7+ Kh8 57. Qg8# 1-0

[Event "B-6"]
[Site "http://www.queenalice.com/game.php?id=1526581"]
[Date "2018.5.12"]
[Round "-"]
[White "alepersichetti"]
[Black "Rider"]
[Result "0-1"]
[WhiteElo "1533"]
[BlackElo "1576"]

1. e4 e5 2. Nf3 d6 3. c4 Bg4 4. h3 Be6 5. Nc3 Nc6 6. Qa4 Bd7 7. Nd5 Nd4 8. Qd1
c6 9. Ne3 c5 10. Be2 g6 11. O-O Nxe2+ 12. Qxe2 Be7 13. b4 cxb4 14. Nd5 Be6 15.
Nxb4 Qa5 16. a3 Qc5 17. d3 h6 18. Rd1 a5 19. d4 exd4 20. Nxd4 Bxc4 21. Nd3 Qb6
22. e5 O-O-O 23. f4 Qxd4+ 24. Kf1 Qxa1 25. Qg4+ Kc7 26. Bb2 Bxd3+ 27. Ke1 Qxb2
28. Rxd3 Qb1+ 29. Ke2 h5 30. exd6+ Bxd6 31. Qg5 Re8+ 32. Kf2 Qxd3 33. Qxa5+ Kb8
34. a4 Qc2+ 35. Kf3 Qd3+ 36. Kf2 Re2+ 37. Kg1 Qd1+ 38. Kh2 Bxf4# 0-1

[Event "Let's Play Chess!"]
[Site "http://www.queenalice.com/game.php?id=1528790"]
[Date "2018.5.28"]
[Round "-"]
[White "Derik_vd_Heever"]
[Black "alepersichetti"]
[Result "1-0"]
[WhiteElo "1506"]
[BlackElo "1540"]

1. e4 e6 2. Nf3 c5 3. Nc3 d6 4. g3 Nc6 5. Bg2 e5 6. O-O g5 7. d3 Nf6 8. Bxg5 h6
9. Be3 Bg4 10. a4 h5 11. Ra3 h4 12. gxh4 Bxf3 13. Qxf3 Nd4 14. Qd1 Rxh4 15. Nb5
a6 16. Nc3 Ng4 17. h3 Bh6 18. hxg4 f6 19. Nd5 b5 20. c3 Bxe3 21. fxe3 b4 22.
cxb4 cxb4 23. Ra2 b3 24. Ra3 Rb8 25. Rxf6 Qc8 26. Qf1 Qxg4 27. Rf8+ Kd7 28. Rxb8
Ne2+ 29. Kf2 Nc3 30. Nf6+ Ke6 31. Nxg4 Rxg4 32. Bh3 Kd7 33. Bxg4+ Ke7 34. Qh3
Nd1+ 35. Bxd1 1-0

[Event "Barão Orlando"]
[Site "http://www.queenalice.com/game.php?id=1530980"]
[Date "2018.6.13"]
[Round "-"]
[White "zubarev"]
[Black "alepersichetti"]
[Result "1-0"]
[WhiteElo "1691"]
[BlackElo "1523"]

1. a3 d5 2. d4 b6 3. Nc3 Nf6 4. Nf3 Qd6 5. e3 Nbd7 6. Bd3 c5 7. O-O e6 8. dxc5
Nxc5 9. Nd4 e5 10. Ndb5 Qd7 11. a4 e4 12. Be2 Be7 13. Bd2 O-O 14. f3 a6 15. Nd4
Nh5 16. f4 a5 17. Bxh5 g6 18. Be2 Ba6 19. Bg4 f5 20. Be2 h5 21. Bxa6 Rxa6 22.
Ncb5 Nxa4 23. b3 Nb2 24. Qc1 Bc5 25. Qxb2 h4 26. Nc3 h3 27. g3 b5 28. Nce2 a4
29. bxa4 bxa4 30. Bb4 a3 31. Rxa3 Rb6 32. c3 Rfb8 33. Rb3 Qc7 34. Rb1 Bxb4 35.
cxb4 Qb7 36. b5 Rd6 37. Nc3 Qb6 38. Ra1 Kh7 39. Ra6 Qc7 40. Ra5 Qxa5 41. Nc6
Rxc6 42. bxc6 Rxb3 43. Qxb3 Qa1+ 44. Nb1 Qa7 45. Qb7+ Kg8 46. Qxa7 Kf8 47. c7
Ke8 48. c8=Q# 1-0

[Event "Os Carnavarizados"]
[Site "http://www.queenalice.com/game.php?id=1530981"]
[Date "2018.6.13"]
[Round "-"]
[White "alepersichetti"]
[Black "zubarev"]
[Result "0-1"]
[WhiteElo "1514"]
[BlackElo "1788"]

1. c4 e5 2. Nc3 Nf6 3. e4 d6 4. Nge2 Nc6 5. f4 Bg4 6. h3 Bd7 7. Ng3 Be7 8. f5
O-O 9. d3 Nd4 10. Be3 c5 11. a4 a5 12. h4 Qc7 13. h5 b6 14. Nb5 Nxb5 15. h6 Nd4
16. hxg7 Rfd8 17. Nh5 b5 18. axb5 Ne8 19. g4 Nf6 20. Bh3 Nxh5 21. gxh5 Bh4+ 22.
Bf2 Bxf2+ 23. Kxf2 Be8 24. Qg4 Qe7 25. h6 a4 26. b6 Rab8 27. Rxa4 Bxa4 28. Qh5
Rxb6 29. Ra1 Bc2 30. Bf1 Rxb2 31. Kg3 Rb3 32. Qh4 Qxh4+ 33. Kxh4 Bxd3 34. Bg2
Bxc4 35. Kg5 Rg3+ 36. Kh4 Rxg2 37. Rc1 Be2 38. Kh3 Rf2 39. Kg3 Rf3+ 40. Kg2 Rf4
41. Ra1 Bf3+ 42. Kg3 Bxe4 43. Ra6 c4 44. f6 c3 45. Ra3 Rxf6 46. Rxc3 Ne2+ 47.
Kg4 Nxc3 48. Kg5 Ra8 0-1

[Event "AUTO-INT-3356"]
[Site "http://www.queenalice.com/game.php?id=1532409"]
[Date "2018.6.23"]
[Round "1"]
[White "alepersichetti"]
[Black "salvachess"]
[Result "1-0"]
[WhiteElo "1496"]
[BlackElo "1587"]

1. d4 d5 2. Nc3 Nf6 3. f4 e6 4. Nf3 Bb4 5. Bd2 Bxc3 6. Bxc3 O-O 7. Qd3 Nc6 8.
O-O-O b6 9. Kb1 a5 10. h3 Ne7 11. Ne5 Ba6 12. Qe3 c6 13. g4 Bc4 14. b3 Bb5 15.
a4 Ba6 16. g5 Ne4 17. Bg2 Nxc3+ 18. Kc1 Ne4 19. Bf3 Nd6 20. h4 Ndf5 21. Qf2 Qd6
22. h5 g6 23. hxg6 fxg6 24. Bg4 h5 25. Bxf5 Nxf5 26. Nxg6 Rf6 27. gxf6 Kf7 28.
Ne7 Nxe7 29. fxe7 Kxe7 30. Qh4+ Kd7 31. Rdg1 Rh8 32. Rg7+ Kc8 33. Rhg1 Qf8 34.
R1g6 Qe8 35. Qf6 Bxe2 36. Qxe6+ Qxe6 37. Rxe6 Bg4 38. Rxc6+ Kd8 39. Rxb6 h4 40.
Rd6+ Ke8 41. Rxg4 h3 42. Rxd5 h2 43. Re5+ Kd8 44. Re1 h1=Q 45. Rxh1 Rxh1+ 46.
Kd2 Rh2+ 47. Ke3 Rxc2 48. Rg8+ Ke7 49. Rg7+ Kf6 50. Ra7 Rc3+ 51. Ke4 Rxb3 52.
Ra6+ Ke7 53. Rxa5 1-0

[Event "AUTO-INT-3356"]
[Site "http://www.queenalice.com/game.php?id=1532410"]
[Date "2018.6.23"]
[Round "1"]
[White "salvachess"]
[Black "alepersichetti"]
[Result "1-0"]
[WhiteElo "1574"]
[BlackElo "1509"]

1. e4 c5 2. Nf3 Nc6 3. Bb5 a6 4. Bxc6 dxc6 5. O-O Nf6 6. d3 e6 7. Bg5 Bd6 8.
Bxf6 Qxf6 9. c3 O-O 10. Nbd2 e5 11. c4 b5 12. b3 b4 13. a4 a5 14. h3 Qe7 15. Qe2
g6 16. g3 Bxh3 17. Rfe1 Rae8 18. Kh2 Bg4 19. Rh1 f5 20. Kg2 fxe4 21. dxe4 Bxf3+
22. Nxf3 h5 23. Qe3 Qf6 24. Rad1 Rd8 25. Qh6 Qg7 26. Qxg7+ Kxg7 27. Ng5 Be7 28.
Ne6+ Kf7 29. Nxd8+ Bxd8 30. Rd6 g5 31. Rxh5 Be7 32. Rxc6 Kg7 33. Rc7 Kg6 34. g4
Bd8 35. Rxc5 Rf4 36. f3 Bb6 37. Rc6+ Kf7 38. Rxb6 Kf8 39. Rh7 Rf7 40. Rxf7+ Kxf7
41. Rb5 Kf6 42. Rxa5 Ke6 43. Ra6+ Kf7 44. c5 Ke7 45. Rd6 Kf7 46. c6 Ke7 47. Rh6
Kd8 48. Rh7 Kc8 49. a5 Kb8 50. a6 Ka8 51. c7 Ka7 52. c8=Q+ Kb6 53. Rb7+ Kxa6 54.
Qa8# 1-0

[Event "Let's Play Chess!"]
[Site "http://www.queenalice.com/game.php?id=1541159"]
[Date "2018.9.5"]
[Round "-"]
[White "george941"]
[Black "alepersichetti"]
[Result "1-0"]
[WhiteElo "1689"]
[BlackElo "1501"]

1. e4 e6 2. e5 d5 3. Nf3 Nc6 4. Bb5 Ne7 5. d4 Bd7 6. O-O Nf5 7. c4 Qe7 8. c5
O-O-O 9. Bg5 f6 10. exf6 gxf6 11. Bf4 Ncxd4 12. Bxd7+ Qxd7 13. Nxd4 Bxc5 14.
Nxf5 exf5 15. Nc3 d4 16. Na4 Qb5 17. Nxc5 Qxc5 18. Rc1 Qb6 19. Qc2 d3 20. Qxc7+
Qxc7 21. Rxc7+ Kb8 22. Rxh7+ Kc8 23. Rc1# 1-0

[Event "Let's Play Chess!"]
[Site "http://www.queenalice.com/game.php?id=1541160"]
[Date "2018.9.5"]
[Round "-"]
[White "alepersichetti"]
[Black "george941"]
[Result "0-1"]
[WhiteElo "1493"]
[BlackElo "1717"]

1. e4 d5 2. f3 dxe4 3. Be2 exf3 4. Nxf3 Nc6 5. d4 Bf5 6. Be3 Nf6 7. Nc3 e6 8.
Qd2 Bb4 9. O-O-O O-O 10. Bd3 Qe7 11. Ne5 Nxe5 12. dxe5 Nd5 13. Bxf5 Bxc3 14.
Bxh7+ Kxh7 15. Qd3+ Kg8 16. Rhf1 Nxe3 17. Qxe3 Bb4 18. Qe4 Rad8 19. Qxb7 a5 20.
b3 Qg5+ 21. Kb1 Qxe5 22. Rde1 Bxe1 23. Qf3 Qc3 24. a3 Qxf3 25. Rxf3 Rd2 0-1

[Event "AUTO-INT-3356"]
[Site "http://www.queenalice.com/game.php?id=1544021"]
[Date "2018.9.28"]
[Round "2"]
[White "salvachess"]
[Black "alepersichetti"]
[Result "1-0"]
[WhiteElo "1614"]
[BlackElo "1525"]

1. e4 Nf6 2. d3 e5 3. Bg5 Bb4+ 4. c3 Bc5 5. Bxf6 Qxf6 6. Nf3 O-O 7. h3 Nc6 8. b4
Bb6 9. b5 Na5 10. c4 d6 11. Be2 Be6 12. O-O Bxh3 13. gxh3 Qg6+ 14. Kh2 f5 15.
Rg1 Qf6 16. Nc3 Bxf2 17. Rf1 Bd4 18. Nxd4 exd4 19. Nd5 Qh4 20. Nxc7 Rac8 21. Ne6
Rfe8 22. Qe1 Qxe1 23. Raxe1 Rxe6 24. exf5 Re3 25. Bg4 Rce8 26. Rxe3 dxe3 27. Re1
g5 28. fxg6 hxg6 29. Bd7 Re7 30. Bg4 a6 31. bxa6 bxa6 32. Kg2 Nc6 33. Kf3 Nb4
34. Rxe3 Rf7+ 35. Kg3 Nc2 36. Re6 Kg7 37. Rxd6 Ne3 38. Be6 Rf6 39. Rxa6 Nf1+ 40.
Kg4 Ne3+ 41. Kg5 Rf1 42. Ra7+ Kf8 43. Kxg6 Rg1+ 44. Kf6 Rf1+ 45. Ke5 Rd1 46. Kd4
Nc2+ 47. Kc3 1-0

[Event "AUTO-INT-3356"]
[Site "http://www.queenalice.com/game.php?id=1544022"]
[Date "2018.9.28"]
[Round "2"]
[White "alepersichetti"]
[Black "salvachess"]
[Result "1-0"]
[WhiteElo "1507"]
[BlackElo "1609"]

1. d4 d5 2. Nf3 Bg4 3. Nbd2 Bxf3 4. Nxf3 e6 5. Bg5 f6 6. Bd2 Nc6 7. e3 Bd6 8.
Bd3 e5 9. O-O Qd7 10. c3 O-O-O 11. a3 g5 12. Qc2 a6 13. Bf5 g4 14. Bxd7+ Rxd7
15. b4 h5 16. a4 b6 17. b5 axb5 18. axb5 Na5 19. dxe5 gxf3 20. g3 Bxe5 21. e4
dxe4 22. Ra4 f5 23. c4 c5 24. Bxa5 bxa5 25. Rxa5 Rb7 26. Ra8+ Bb8 27. Qb2 Ra7
28. Ra1 Rhh7 29. b6 Rxa1+ 30. Rxa1 Kb7 31. Qb5 Bd6 32. Qa6+ Kc6 33. Qa8+ Kxb6
34. Rb1+ Kc7 35. Rb7+ 1-0

[Event "AUTO-INT-3356"]
[Site "http://www.queenalice.com/game.php?id=1544027"]
[Date "2018.9.28"]
[Round "2"]
[White "alepersichetti"]
[Black "TheOperator"]
[Result "0-1"]
[WhiteElo "1516"]
[BlackElo "1812"]

1. e3 e5 2. d4 d6 3. Bd3 Nf6 4. Ne2 Nc6 5. O-O d5 6. Nd2 Be7 7. f3 O-O 8. c4 b6
9. b3 Nb4 10. a3 Nxd3 11. dxe5 Nxc1 12. Qxc1 Nh5 13. Nf4 Nxf4 14. exf4 Bc5+ 15.
Kh1 Qe7 16. b4 Bd4 17. Ra2 Be3 18. Qc3 Bxf4 19. cxd5 Qh4 20. Ne4 Qxh2# 0-1

[Event "AUTO-INT-3356"]
[Site "http://www.queenalice.com/game.php?id=1544028"]
[Date "2018.9.28"]
[Round "2"]
[White "TheOperator"]
[Black "alepersichetti"]
[Result "1-0"]
[WhiteElo "1792"]
[BlackElo "1512"]

1. e4 Nc6 2. Bc4 Nf6 3. Nc3 e6 4. Nf3 g6 5. d4 Bg7 6. e5 d5 7. Bb5 Bd7 8. exf6
Bxf6 9. a3 O-O 10. Bd2 a6 11. Bd3 b5 12. Qc1 e5 13. dxe5 Nxe5 14. Be2 c6 15. Bf4
Bf5 16. Bh6 Re8 17. O-O Ng4 18. Bd2 Nxh2 19. Nxh2 d4 20. Nd1 Qd5 21. Bf3 Qe6 22.
b3 Rad8 23. Nb2 c5 24. c4 dxc3 25. Bxc3 Be5 26. Nd3 Bxd3 27. Re1 Qxb3 28. Bxe5
h5 29. Bxh5 gxh5 30. Qh6 b4 31. Qg7# 1-0

[Event "AUTO-INT-3356"]
[Site "http://www.queenalice.com/game.php?id=1544029"]
[Date "2018.9.28"]
[Round "2"]
[White "alepersichetti"]
[Black "Prosperidade"]
[Result "0-1"]
[WhiteElo "1527"]
[BlackElo "2106"]

1. c4 e5 2. e4 c5 3. d3 Nc6 4. Be3 d6 5. Nc3 h6 6. Nf3 Nf6 7. Be2 Be7 8. O-O a6
9. Na4 O-O 10. Qb3 Nd4 11. Nxd4 cxd4 12. Nb6 Rb8 13. f4 dxe3 14. Nxc8 Qxc8 15.
Qc3 exf4 16. Rxf4 b5 17. Raf1 bxc4 18. dxc4 Qb7 19. Qxe3 Rfe8 20. b3 Bd8 21. g3
Bb6 22. c5 Bxc5 23. Qxc5 dxc5 24. h4 Rxe4 25. Bd3 Re3 26. R4f2 Rxg3+ 27. Rg2
Rxg2+ 28. Kh1 Rd2+ 29. Be4 Qxe4+ 30. Kg1 Qg2# 0-1

[Event "AUTO-INT-3356"]
[Site "http://www.queenalice.com/game.php?id=1544030"]
[Date "2018.9.28"]
[Round "2"]
[White "Prosperidade"]
[Black "alepersichetti"]
[Result "1-0"]
[WhiteElo "2111"]
[BlackElo "1513"]

1. d4 Nf6 2. c4 d5 3. cxd5 Nxd5 4. e4 Nf6 5. Nc3 g6 6. h3 Bg7 7. Nf3 Nc6 8. Bb5
Bd7 9. O-O O-O 10. Re1 e5 11. Bxc6 Bxc6 12. d5 Be8 13. Nxe5 c5 14. Nf3 Nd7 15.
e5 Nxe5 16. Nxe5 f6 17. Nf3 Rc8 18. b3 b6 19. Bb2 b5 20. Ne2 Bd7 21. Rc1 Qa5 22.
Nc3 b4 23. Ne4 Bh6 24. Ra1 f5 25. Nf6+ Kf7 26. Nxd7 Rfd8 27. Nde5+ Kf8 28. Nc6
Qc7 29. Nxd8 1-0

[Event "Challenge"]
[Site "http://www.queenalice.com/game.php?id=1549865"]
[Date "2018.11.20"]
[Round "-"]
[White "eduardocosta"]
[Black "alepersichetti"]
[Result "1-0"]
[WhiteElo "1654"]
[BlackElo "1511"]

1. e3 d5 2. b3 Nf6 3. Bb2 g6 4. c4 c6 5. cxd5 cxd5 6. Bxf6 exf6 7. Bb5+ Bd7 8.
Bxd7+ Nxd7 9. Nf3 Bd6 10. O-O O-O 11. d4 Nb6 12. Nc3 1-0